[Event "64.Camp. Veneto Quarti di Finale"]
[Site "Arquà Petrarca ITA"]
[Date "2004.05.16"]
[Round "5.26"]
[White "Chiesa, Roberto"]
[Black "Barbetta, Cosimo"]
[Result "1-0"]
[WhiteElo "1700"]
[BlackElo "1625"]
[Annotator "Gabriele Ballarin"]
[PlyCount "117"]
[EventDate "2004.05.08"]
[EventType "swiss"]
[EventRounds "6"]
[EventCountry "ITA"]

1. d4 d5 2. c4 Nf6 3. Nc3 e6 4. Bg5 c6 5. Nf3 h6 6. Bh4 Be7 7. e3 Nbd7 8. Rc1 O-O 9. Bd3 Nh7 10. Bg3 f5 11. cxd5 cxd5 12. O-O Ng5 13. Nb5 a6 14. Nc7 Ra7 15. Nxg5 Bxg5 16. Nxe6 Qe7 17. Nxf8 Qxf8 18. Qc2 Ra8 19. Bxf5 Nb6 20. Bd3 Be6 21. Qb3 Nc4 22. Bxc4 dxc4 23. Qxb7 Bg4 24. Qd5+ Kh8 25. Qxc4 Bd7 26. Qb3 Re8 27. a3 h5 28. Rc5 Be6 29. Qc3 Bf5 30. Qa5 g6 31. Be5+ Bf6 32. Bxf6+ Qxf6 33. Qc3 Qh4 34. d5+ Kg8 35. Rc7 Re7 36. Rxe7 Qxe7 37. Qc4 Kg7 38. Rc1 Kh6 39. Qf4+ Qg5 40. Qxg5+ Kxg5 41. f3 h4 42. e4 Bd7 43. Rc7 Bb5 44. Rf7 Be8 45. Rf8 Bb5 46. h3 Bc4 47. Kf2 a5 48. d6 Be6 49. b4 axb4 50. axb4 Bd7 51. f4+ Kh6 52. Rd8 Bc6 53. e5 Kg7 54. Rc8 Bb5 55. Rb8 Ba4 56. b5 g5 57. fxg5 Kf7 58. b6 (58. d7 Ke6 59. d8=Q Kxe5 60. Qe7+) 58... Ke6 59. b7 {1-0 Chiesa,R (1700)-Barbetta,C (1625)/Arqua' Petrarca 2004} 1-0

[Event "64.Camp. Veneto Quarti di Finale"]
[Site "Arquà Petrarca ITA"]
[Date "2004.05.16"]
[Round "5.27"]
[White "Biagioli, Valerio"]
[Black "Boscolo, Michele"]
[Result "1-0"]
[WhiteElo "1625"]
[BlackElo "1759"]
[Annotator "Gabriele Ballarin"]
[PlyCount "79"]
[EventDate "2004.05.08"]
[EventType "swiss"]
[EventRounds "6"]
[EventCountry "ITA"]

1. d4 d5 2. c4 Nf6 3. Nc3 c6 4. Bf4 e6 5. c5 Nbd7 6. e3 Be7 7. Bd3 O-O 8. h3 Re8 9. Nf3 Bf8 10. O-O b6 11. b4 b5 12. Qc2 Bb7 13. e4 dxe4 14. Nxe4 Nd5 15. Qd2 Nxf4 16. Qxf4 Nf6 17. Nfg5 h6 18. Nf3 Be7 19. Ne5 Qd5 20. Rfd1 a5 21. g4 Rf8 22. Nc3 Qd8 23. a3 Ra7 24. Qf3 Qc7 25. Be4 Ra6 26. Bc2 Ba8 27. Qd3 Rd8 28. Ne4 g6 29. Qf3 Kg7 30. g5 hxg5 31. Nxg5 Rf8 32. Nxg6 Rg8 33. Ne5 Kf8 34. h4 Rg7 35. Kf1 Ke8 36. Ngxf7 Qa7 37. Ng5 axb4 38. Nxe6 Rg8 39. Qf5 Rxa3 40. Qg6+ 1-0

[Event "64.Camp. Veneto Quarti di Finale"]
[Site "Arquà Petrarca ITA"]
[Date "2004.05.16"]
[Round "5.28"]
[White "Franco, Leopoldo"]
[Black "Crivellaro, Luca"]
[Result "1/2-1/2"]
[WhiteElo "1700"]
[BlackElo "1625"]
[Annotator "Gabriele Ballarin"]
[PlyCount "80"]
[EventDate "2004.05.08"]
[EventType "swiss"]
[EventRounds "6"]
[EventCountry "ITA"]

1. d4 d5 2. Nf3 Nf6 3. e3 Nc6 4. Be2 Bg4 5. O-O e6 6. Ne5 Bxe2 7. Qxe2 Nxe5 8. dxe5 Nd7 9. f4 Be7 10. b3 c6 11. Ba3 Bxa3 12. Nxa3 Qa5 13. Nb1 Nc5 14. Qd2 Qc7 15. Qd4 Ne4 16. Nd2 c5 17. Qa4+ Qd7 18. Qxd7+ Kxd7 19. Nxe4 dxe4 20. Rfd1+ Kc6 21. Rd6+ Kc7 22. Rad1 Rhd8 23. c4 f6 24. Rxd8 Rxd8 25. Rxd8 Kxd8 26. exf6 gxf6 27. g4 h6 28. Kg2 Ke7 29. Kg3 Kf7 30. h4 Kg6 31. h5+ Kg7 32. Kh4 a6 33. g5 b5 34. gxh6+ Kg8 35. Kg4 Kh7 36. f5 e5 37. Kh4 Kxh6 38. Kg4 b4 39. Kh4 Kh7 40. Kg4 Kh6 1/2-1/2

[Event "64.Camp. Veneto Quarti di Finale"]
[Site "Arquà Petrarca ITA"]
[Date "2004.05.16"]
[Round "5.29"]
[White "Tresin, Ardilio"]
[Black "Navarro, Tommaso"]
[Result "0-1"]
[WhiteElo "1337"]
[BlackElo "1685"]
[Annotator "Gabriele Ballarin"]
[PlyCount "69"]
[EventDate "2004.05.08"]
[EventType "swiss"]
[EventRounds "6"]
[EventCountry "ITA"]

1. d4 d5 2. c4 e6 3. Nc3 Nf6 4. Bg5 Be7 5. Nf3 O-O 6. e4 Nbd7 7. Qc2 h6 8. Bxf6 Nxf6 9. Bd3 b6 10. cxd5 exd5 11. O-O Bb7 12. Rac1 c5 13. Rfe1 Rc8 14. Qb1 Re8 15. Bb5 Bc6 16. Bxc6 Rxc6 17. Ne5 Re6 18. h3 Bd6 19. Nf3 cxd4 20. Nxd4 Qd7 21. Nxe6 Rxe6 22. Qd3 a5 23. Red1 Re5 24. f4 Rh5 25. Qe2 Qe6 26. Nxd5 Rxd5 27. Rxd5 Nxd5 28. Rc6 Qd7 29. Qc2 Bc5+ 30. Rxc5 bxc5 31. Qxc5 a4 32. Qd4 Qc6 33. Kh2 Nf6 34. b4 axb3 35. axb3 0-1

[Event "64.Camp. Veneto Quarti di Finale"]
[Site "Arquà Petrarca ITA"]
[Date "2004.05.16"]
[Round "5.30"]
[White "Chiodini, Sebastiano"]
[Black "Scarangella, Luca"]
[Result "0-1"]
[WhiteElo "1440"]
[BlackElo "1440"]
[Annotator "Gabriele Ballarin"]
[PlyCount "120"]
[EventDate "2004.05.08"]
[EventType "swiss"]
[EventRounds "6"]
[EventCountry "ITA"]

1. e4 e5 2. Nf3 Nc6 3. Bc4 Be7 4. Nc3 d6 5. h3 Nf6 6. d3 Bd7 7. O-O Na5 8. Bb3 Nxb3 9. axb3 O-O 10. Re1 a6 11. Bg5 c5 12. Na2 a5 13. c3 Nh5 14. Bxe7 Qxe7 15. d4 cxd4 16. cxd4 Rfd8 17. Nc3 Nf4 18. Nd5 Nxd5 19. exd5 f6 20. Nh4 Qf7 21. Qf3 b6 22. Rad1 Bc8 23. dxe5 dxe5 24. d6 Be6 25. Re3 Ra7 26. Nf5 Bxf5 27. Qxf5 Rad7 28. Red3 Qf8 29. Qe6+ Qf7 30. Qc4 Qxc4 31. bxc4 Kf7 32. Rb3 Rxd6 33. Rxd6 Rxd6 34. Kf1 g5 35. Rc3 h5 36. c5 bxc5 37. Rxc5 a4 38. Ra5 Rd4 39. Ke2 Kg6 40. Rc5 Rb4 41. Rc2 Rb3 42. Kd2 h4 43. Kc1 a3 44. bxa3 Rxa3 45. Kd2 Kf5 46. Rc3 Rxc3 47. Kxc3 e4 48. Kd2 g4 49. Ke3 gxh3 50. gxh3 Ke5 51. f3 exf3 52. Kxf3 f5 53. Ke3 f4+ 54. Kf3 Kf5 55. Ke2 Ke4 56. Kf2 f3 57. Ke1 Ke3 58. Kf1 f2 59. Kg2 Ke2 60. Kh2 Kf3 0-1

[Event "64.Camp. Veneto Quarti di Finale"]
[Site "Arquà Petrarca ITA"]
[Date "2004.05.16"]
[Round "5.31"]
[White "Biagioli, Marco Fabrizio"]
[Black "Scarabello, Luca"]
[Result "1/2-1/2"]
[WhiteElo "1440"]
[BlackElo "1440"]
[Annotator "Gabriele Ballarin"]
[PlyCount "132"]
[EventDate "2004.05.08"]
[EventType "swiss"]
[EventRounds "6"]
[EventCountry "ITA"]

1. d4 d5 2. c4 dxc4 3. Nc3 e6 4. a3 Bd6 5. e4 f6 6. Bxc4 c6 7. Qg4 Qe7 8. Qd1 Nh6 9. Bxh6 gxh6 10. Qh5+ Qf7 11. Qxh6 Na6 12. Rd1 Qg6 13. Qxg6+ hxg6 14. Nf3 Kf7 15. d5 Rd8 16. dxc6 bxc6 17. e5 Be7 18. Rxd8 Bxd8 19. exf6 Bxf6 20. O-O Nc5 21. Rd1 Ke7 22. Nd4 Bd7 23. b4 Nb7 24. Ne4 Rf8 25. Nxf6 Rxf6 26. g3 Nd6 27. Ba2 Nb5 28. Nxb5 cxb5 29. f4 e5 30. Re1 Rd6 31. Rxe5+ Kf6 32. Re3 Rd1+ 33. Kf2 Rd2+ 34. Re2 Rd3 35. Bb1 Rxa3 36. Rd2 Be8 37. Rd3 Ra4 38. Rb3 Ra1 39. Bd3 Ra2+ 40. Be2 g5 41. fxg5+ Kxg5 42. h4+ Kh6 43. Ke3 Bf7 44. Rb1 a6 45. Bg4 Bg6 46. Rd1 Ra3+ 47. Kf4 Bd3 48. Rc1 Bc4 49. Be6 Ra4 50. Bxc4 Rxb4 51. Kf5 Rxc4 52. Ra1 Ra4 53. Rc1 Rc4 54. Rd1 Rc5+ 55. Kf6 Kh5 56. Rd4 Rc4 57. Rd5+ Kg4 58. h5 Kxg3 59. h6 Rc6+ 60. Kg7 Rc7+ 61. Kg8 Rc8+ 62. Kf7 Kg4 63. h7 Rc7+ 64. Kg8 Rc8+ 65. Kf7 Rc7+ 66. Kg6 Rc6+ 1/2-1/2

[Event "64.Camp. Veneto Quarti di Finale"]
[Site "Arquà Petrarca ITA"]
[Date "2004.04.16"]
[Round "6.1"]
[White "Giuriati, Paolo"]
[Black "Danieli, Enrico"]
[Result "1/2-1/2"]
[WhiteElo "2185"]
[BlackElo "2103"]
[Annotator "Gabriele Ballarin"]
[PlyCount "107"]
[EventDate "2004.05.08"]
[EventType "swiss"]
[EventRounds "6"]
[EventCountry "ITA"]

1. d4 Nf6 2. Nf3 g6 3. Bf4 d6 4. h3 Bg7 5. e3 O-O 6. Be2 c6 7. Nbd2 Qc7 8. O-O Nbd7 9. Bh2 Re8 10. c4 c5 11. Rc1 b6 12. a3 Bb7 13. b4 Rac8 14. Nb3 Qb8 15. dxc5 bxc5 16. b5 Ne4 17. Qc2 Nc3 18. Ne1 Qa8 19. Bf3 Bxf3 20. Nxf3 a6 21. Qd3 axb5 22. Rxc3 Bxc3 23. Qxc3 bxc4 24. Nbd2 d5 25. e4 d4 26. Qxc4 Qxa3 27. Qb5 Nb8 28. Nc4 Qa6 29. Rb1 Qxb5 30. Rxb5 Nd7 31. g4 Ra8 32. Nfd2 Ra2 33. g5 Ra7 34. Kg2 Rc8 35. h4 Nf8 36. Bb8 Ra4 37. Bg3 Rb4 38. Ra5 Ne6 39. Ra7 Kf8 40. f4 Ng7 41. Kf3 Ne8 42. f5 Rd8 43. f6 exf6 44. gxf6 Nxf6 45. Ne5 Nh5 46. Nc6 Nxg3 47. Nxb4 Nxe4 48. Kxe4 cxb4 49. Rb7 Re8+ 50. Kxd4 Rd8+ 51. Ke3 Re8+ 52. Kf3 Rd8 53. Ke3 Re8+ 54. Kd3 1/2-1/2

[Event "64.Camp. Veneto Quarti di Finale"]
[Site "Arquà Petrarca ITA"]
[Date "2004.04.16"]
[Round "6.2"]
[White "Mileto, Gabriele"]
[Black "Lain, Luigi"]
[Result "0-1"]
[WhiteElo "2206"]
[BlackElo "2235"]
[Annotator "Gabriele Ballarin"]
[PlyCount "170"]
[EventDate "2004.05.08"]
[EventType "swiss"]
[EventRounds "6"]
[EventCountry "ITA"]

1. e4 e5 2. Nf3 Nc6 3. Bb5 a6 4. Ba4 Nf6 5. O-O b5 6. Bb3 Be7 7. Re1 d6 8. c3 Bg4 9. d3 Na5 10. Bc2 c5 11. Nbd2 O-O 12. Nf1 Ne8 13. h3 Bxf3 14. Qxf3 Bg5 15. Bxg5 Qxg5 16. Ne3 Nc7 17. g3 Rab8 18. a3 Nc6 19. Bb3 a5 20. Qg4 Qxg4 21. hxg4 g6 22. Nd5 {=} Nxd5 23. Bxd5 Ne7 24. Bb3 Kg7 25. Kg2 f6 26. Be6 Rb7 27. Red1 Nc8 28. Bxc8 Rxc8 29. b3 Kf7 30. Rdb1 Ke6 31. Ra2 Rcb8 32. Rab2 b4 33. axb4 axb4 34. c4 Ra8 35. Kf3 Rba7 36. Ke2 Ra1 37. Rxa1 Rxa1 38. Kd2 h6 39. Ke2 g5 40. Ke3 Kf7 41. Ke2 Kg6 42. Ke3 h5 43. gxh5+ Kxh5 44. Kf3 Re1 45. g4+ Kg6 46. Ra2 Kf7 47. Ra7+ Ke6 48. Rb7 Rb1 49. Ke3 Rxb3 50. Rb8 Rb1 51. Kf3 Kd7 52. Rb6 Kc7 53. Rb5 Ra1 54. Ke3 Ra2 55. Kf3 Rd2 56. Ke3 Rb2 57. Kf3 b3 58. Ke3 Rb1 59. Kf3 Kc6 60. Rb8 Kd7 61. Rb6 Kc7 62. Ke2 b2 63. Rb3 Kd7 64. Rb7+ Ke6 65. Rb3 Rg1 66. Rxb2 Rxg4 67. Rb6 Rh4 68. Ra6 Rh6 69. Ra8 f5 70. exf5+ Kxf5 71. Rf8+ Rf6 72. Rd8 Kg4 73. Rg8 Re6 74. Rd8 e4 75. dxe4 Rxe4+ 76. Kd3 Rd4+ 77. Ke3 Kh3 78. Rh8+ Kg2 79. Rg8 g4 80. f3 g3 81. f4 Rxc4 82. f5 Ra4 83. f6 Ra7 84. Rg7 Ra8 85. f7 Rf8 0-1

[Event "64.Camp. Veneto Quarti di Finale"]
[Site "Arquà Petrarca ITA"]
[Date "2004.04.16"]
[Round "6.4"]
[White "Roberti, Ignazio"]
[Black "Sgaravatti, Francesco"]
[Result "0-1"]
[WhiteElo "1992"]
[BlackElo "2140"]
[Annotator "Gabriele Ballarin"]
[PlyCount "108"]
[EventDate "2004.05.08"]
[EventType "swiss"]
[EventRounds "6"]
[EventCountry "ITA"]

1. Nf3 f5 2. b3 d6 3. Bb2 e5 4. e3 Nf6 5. d3 Be7 6. Nbd2 O-O 7. e4 fxe4 8. Nxe4 Qe8 9. Ng3 Nh5 10. Nxh5 Qxh5 11. Be2 Qg6 12. Qd2 Nc6 13. O-O-O Rxf3 14. gxf3 Bg5 15. f4 Bxf4 16. Qxf4 exf4 17. Rhg1 Qf7 18. Bxg7 Qxg7 19. d4 Qxg1 20. Bc4+ Kh8 21. Rxg1 Bf5 22. c3 Ne7 23. Rg5 Rf8 24. Kd2 d5 25. Bd3 Bxd3 26. Kxd3 Rf5 27. Rg1 Ng6 28. c4 Kg7 29. c5 Rh5 30. Re1 Rh3+ 31. Ke2 Kf7 32. Rc1 c6 33. Rc2 Nf8 34. b4 Ne6 35. Rd2 a6 36. Kd1 Rxh2 37. Kc2 h5 38. a4 h4 39. b5 axb5 40. axb5 Rh3 41. bxc6 bxc6 42. Kd1 Ra3 43. Ke2 f3+ 44. Kd1 Ra4 45. Rb2 Rxd4+ 46. Ke1 Nxc5 47. Rb6 Nd3+ 48. Kf1 Rb4 49. Rxb4 Nxb4 50. Kg1 d4 51. Kf1 d3 52. Ke1 h3 53. Kf1 Nc2 54. Kg1 d2 0-1

[Event "64.Camp. Veneto Quarti di Finale"]
[Site "Arquà Petrarca ITA"]
[Date "2004.04.16"]
[Round "6.5"]
[White "Navarro, Stefano"]
[Black "Demiraj, Rumi"]
[Result "1-0"]
[WhiteElo "2115"]
[BlackElo "1871"]
[Annotator "Gabriele Ballarin"]
[PlyCount "63"]
[EventDate "2004.05.08"]
[EventType "swiss"]
[EventRounds "6"]
[EventCountry "ITA"]

1. e4 Nf6 2. e5 Nd5 3. c4 Nb6 4. d4 d6 5. exd6 exd6 6. Nc3 c6 7. Bd3 N8d7 8. Nf3 Nf6 9. O-O Be7 10. Re1 Bg4 11. h3 Bxf3 12. Qxf3 O-O 13. Bg5 Nbd7 14. Re2 h6 15. Bh4 g5 16. Bg3 Re8 17. Rae1 Bf8 18. Rxe8 Nxe8 19. Qf5 Ndf6 20. h4 gxh4 21. Bxh4 Be7 22. Re3 Kg7 23. Rg3+ Kf8 24. Qf4 Ng8 25. Qg4 Bg5 26. Bxg5 hxg5 27. Ne4 f6 28. Nxd6 Qe7 29. c5 Qe1+ 30. Kh2 f5 31. Qxf5+ Ngf6 32. Qg6 1-0

[Event "64.Camp. Veneto Quarti di Finale"]
[Site "Arquà Petrarca ITA"]
[Date "2004.04.16"]
[Round "6.6"]
[White "Solinas, Carlo"]
[Black "Lorusso, Giuseppe"]
[Result "1-0"]
[WhiteElo "2072"]
[BlackElo "1987"]
[Annotator "Gabriele Ballarin"]
[PlyCount "63"]
[EventDate "2004.05.08"]
[EventType "swiss"]
[EventRounds "6"]
[EventCountry "ITA"]

{[%evp 0,61,22,12,86,58,9,-1,57,36,36,36,53,35,36,26,27,13,5,23,32,16,26,-20,-34,-110,-109,22,36,29,29,9,118,164,301,401,401,391,347,383,383,256,249,262,269,257,272,256,251,237,241,235,252,255,255,223,248,233,253,283,283,293,351,364]} 1. e4 c5 2. d4 cxd4 3. c3 dxc3 4. Nxc3 Nc6 5. Nf3 d6 6. Bc4 e6 7. O-O Be7 8. Qe2 a6 9. Rd1 Qc7 10. Bf4 Ne5 11. Bxe5 dxe5 12. Bb5+ axb5 13. Nxb5 Qb8 14. Rac1 Kf8 15. Rc7 b6 16. Nxe5 Ra7 17. Rxa7 Qxe5 18. Ra8 g6 19. Rxc8+ Kg7 20. g3 Nf6 21. Rxh8 Kxh8 22. Nc3 h5 23. Kg2 g5 24. Qd3 Bc5 25. f3 h4 26. g4 Kg7 27. Rd2 Qf4 28. Ne2 Qe5 29. Qc3 Qb8 30. b4 Bd6 31. Rxd6 Qxd6 32. e5 1-0

[Event "64.Camp. Veneto Quarti di Finale"]
[Site "Arquà Petrarca ITA"]
[Date "2004.04.16"]
[Round "6.7"]
[White "Quaranta, Cristiano"]
[Black "Casciello, Dimitri"]
[Result "1-0"]
[WhiteElo "2031"]
[BlackElo "1820"]
[Annotator "Gabriele Ballarin"]
[PlyCount "67"]
[EventDate "2004.05.08"]
[EventType "swiss"]
[EventRounds "6"]
[EventCountry "ITA"]

1. d4 Nf6 2. Bg5 g6 3. Bxf6 exf6 4. c4 Bg7 5. Nc3 d6 6. g3 Nc6 7. Bg2 f5 8. e3 O-O 9. Nge2 Re8 10. O-O h5 11. a3 a5 12. Qc2 Bd7 13. Rfd1 h4 14. Nb5 hxg3 15. hxg3 Qc8 16. Nf4 Ne7 17. a4 Bc6 18. d5 Bxb5 19. cxb5 Qd7 20. Rac1 Rac8 21. Ne2 Kf8 22. Nd4 Ng8 23. Rd3 Nf6 24. Rc3 Re7 25. b6 Ne8 26. Rc4 Bxd4 27. Rxd4 Ra8 28. Qc3 f6 29. bxc7 Qxc7 30. Rc4 Qd7 31. Bh3 b5 32. Rc6 bxa4 33. Qd4 Re4 34. Qxe4 1-0

[Event "64.Camp. Veneto Quarti di Finale"]
[Site "Arquà Petrarca ITA"]
[Date "2004.04.16"]
[Round "6.8"]
[White "Cacco, Christian"]
[Black "Velluti, Alberto"]
[Result "1-0"]
[WhiteElo "2319"]
[BlackElo "1802"]
[Annotator "Gabriele Ballarin"]
[PlyCount "91"]
[EventDate "2004.05.08"]
[EventType "swiss"]
[EventRounds "6"]
[EventCountry "ITA"]

1. d4 d5 2. Nf3 Nf6 3. c4 e6 4. Bg5 Be7 5. Nc3 Nbd7 6. e3 h6 7. Bh4 O-O 8. Qc2 c5 9. cxd5 cxd4 10. Nxd4 Nxd5 11. Bxe7 Nxe7 12. Be2 a6 13. a4 Nf6 14. O-O Bd7 15. Bf3 Qc7 16. Rac1 Rac8 17. Qb3 Bc6 18. Nce2 Qd7 19. Nxc6 Nxc6 20. Rfd1 Qe8 21. Qxb7 Ne5 22. Rxc8 Qxc8 23. Qxc8 Nxf3+ 24. gxf3 Rxc8 25. Nc3 Rb8 26. Rd6 Rxb2 27. Rxa6 Rc2 28. Nb5 Nd5 29. Ra8+ Kh7 30. Ra7 Kg6 31. a5 Rc1+ 32. Kg2 Rc2 33. Kg3 Rc5 34. Nd6 Rc7 35. Rxc7 Nxc7 36. Kf4 Kf6 37. Ke4 Ke7 38. Nc4 f6 39. Kd4 Na6 40. Na3 Kd6 41. Kc4 Kc6 42. Nc2 Kb7 43. Nd4 Nc7 44. Kc5 Ka6 45. Kd6 Kb7 46. Nxe6 1-0

[Event "64.Camp. Veneto Quarti di Finale"]
[Site "Arquà Petrarca ITA"]
[Date "2004.04.16"]
[Round "6.9"]
[White "Lavric, Mihail"]
[Black "Baldi, Giancarlo"]
[Result "1-0"]
[WhiteElo "2100"]
[BlackElo "1721"]
[Annotator "Gabriele Ballarin"]
[PlyCount "67"]
[EventDate "2004.05.08"]
[EventType "swiss"]
[EventRounds "6"]
[EventCountry "ITA"]

1. d4 Nf6 2. c4 g6 3. Nc3 d5 4. Nf3 Bg7 5. e3 c5 6. cxd5 cxd4 7. Nxd4 Nxd5 8. Bb5+ Kf8 9. O-O Nxc3 10. bxc3 Nd7 11. Qc2 a6 12. Ba4 Nc5 13. Rd1 Qc7 14. Ba3 b5 15. Bxc5 Qxc5 16. Bb3 Bb7 17. Qd2 Bf6 18. Rac1 Qg5 19. f4 Qc5 20. Qe2 Kg7 21. Rf1 e6 22. Bxe6 Rhe8 23. Bb3 Bxd4 24. cxd4 Qxd4 25. Rc7 Rxe3 26. Rxf7+ Kh6 27. Qf2 Re2 28. Qxd4 Rxg2+ 29. Kh1 Rd2+ 30. Rxb7 Rxd4 31. Rf3 g5 32. Rh3+ Kg6 33. Bc2+ Kf6 34. Rh6# 1-0

[Event "64.Camp. Veneto Quarti di Finale"]
[Site "Arquà Petrarca ITA"]
[Date "2004.04.16"]
[Round "6.10"]
[White "Belloni, Umberto"]
[Black "Gennari, Leone"]
[Result "1/2-1/2"]
[WhiteElo "1968"]
[BlackElo "2068"]
[Annotator "Gabriele Ballarin"]
[PlyCount "46"]
[EventDate "2004.05.08"]
[EventType "swiss"]
[EventRounds "6"]
[EventCountry "ITA"]

1. e4 e6 2. d4 d5 3. exd5 exd5 4. Bd3 Bd6 5. h3 Ne7 6. Nf3 Bf5 7. c3 Nd7 8. Bxf5 Nxf5 9. Qd3 Ne7 10. O-O O-O 11. Bg5 f6 12. Bh4 Ng6 13. Bg3 Bxg3 14. fxg3 c6 15. Nh4 Nxh4 16. gxh4 Re8 17. Nd2 Qc7 18. Rae1 Nf8 19. h5 Qf7 20. Qf5 Rxe1 21. Rxe1 Re8 22. Rxe8 Qxe8 23. Kf2 Qe6 1/2-1/2

[Event "64.Camp. Veneto Quarti di Finale"]
[Site "Arquà Petrarca ITA"]
[Date "2004.04.16"]
[Round "6.11"]
[White "Bdair, Bilal"]
[Black "Quaranta, Gaetano"]
[Result "1-0"]
[WhiteElo "1999"]
[BlackElo "1718"]
[Annotator "Gabriele Ballarin"]
[PlyCount "61"]
[EventDate "2004.05.08"]
[EventType "swiss"]
[EventRounds "6"]
[EventCountry "ITA"]

1. d4 Nf6 2. c4 c5 3. d5 b5 4. f3 bxc4 5. e4 d6 6. Bxc4 g6 7. Ne2 Bg7 8. Nbc3 O-O 9. O-O Nbd7 10. f4 Nb6 11. Bd3 Bb7 12. h3 Rc8 13. Be3 e6 14. dxe6 fxe6 15. f5 exf5 16. exf5 d5 17. fxg6 d4 18. gxh7+ Kh8 19. Nf4 Nxh7 20. Qh5 Bh6 21. Qxh6 Rf7 22. Ng6+ Kg8 23. Rxf7 Kxf7 24. Qxh7+ Ke6 25. Nf4+ Ke5 26. Qf5+ Kd6 27. Nb5+ Ke7 28. Ng6+ Ke8 29. Qf8+ Kd7 30. Qf7+ Kc6 31. Qe6+ 1-0

[Event "64.Camp. Veneto Quarti di Finale"]
[Site "Arquà Petrarca ITA"]
[Date "2004.04.16"]
[Round "6.12"]
[White "Faccia, Sergio"]
[Black "Nagliati, Paolo"]
[Result "1-0"]
[WhiteElo "1980"]
[BlackElo "1829"]
[Annotator "Gabriele Ballarin"]
[PlyCount "41"]
[EventDate "2004.05.08"]
[EventType "swiss"]
[EventRounds "6"]
[EventCountry "ITA"]

1. e4 d5 2. exd5 Nf6 3. Nc3 Nxd5 4. Nxd5 Qxd5 5. Nf3 Bg4 6. Be2 Nc6 7. O-O O-O-O 8. d3 e5 9. Be3 f6 10. c3 Bf5 11. d4 exd4 12. Nxd4 Nxd4 13. Bxd4 c5 14. Be3 Qe5 15. Qa4 Bd6 16. g3 Kb8 17. Bf3 Qe7 18. b4 Qc7 19. bxc5 Bxc5 20. Bxc5 Qxc5 21. Rab1 {Nur} 1-0

[Event "64.Camp. Veneto Quarti di Finale"]
[Site "Arquà Petrarca ITA"]
[Date "2004.04.16"]
[Round "6.13"]
[White "Battiston, Gianfranco"]
[Black "Rossato, Armando"]
[Result "0-1"]
[WhiteElo "1628"]
[BlackElo "2116"]
[Annotator "Gabriele Ballarin"]
[PlyCount "52"]
[EventDate "2004.05.08"]
[EventType "swiss"]
[EventRounds "6"]
[EventCountry "ITA"]

1. e4 c5 2. Nf3 Nc6 3. d4 cxd4 4. Nxd4 Nf6 5. Nc3 e5 6. Ndb5 d6 7. Bg5 a6 8. Bxf6 gxf6 9. Na3 b5 10. Nd5 f5 11. exf5 Bxf5 12. c3 Bg7 13. Qf3 Be6 14. Bd3 O-O 15. Rd1 f5 16. Bb1 e4 17. Qe3 Ne5 18. Nf4 Bf7 19. h3 Bh6 20. Qg3+ Kh8 21. Nc2 Rg8 22. Qh2 Rxg2 23. Qxg2 Nf3+ 24. Ke2 Bc4+ 25. Ke3 Bxf4+ 26. Kxf4 Qh4+ 0-1

[Event "64.Camp. Veneto Quarti di Finale"]
[Site "Arquà Petrarca ITA"]
[Date "2004.04.16"]
[Round "6.14"]
[White "Rossi, Damiano"]
[Black "Canazza, Alessandro"]
[Result "1-0"]
[WhiteElo "2002"]
[BlackElo "1772"]
[Annotator "Gabriele Ballarin"]
[PlyCount "117"]
[EventDate "2004.05.08"]
[EventType "swiss"]
[EventRounds "6"]
[EventCountry "ITA"]

1. d4 Nf6 2. c4 g6 3. Nc3 d5 4. cxd5 Nxd5 5. e4 Nxc3 6. bxc3 Bg7 7. h3 O-O 8. Nf3 c5 9. Be2 Qa5 10. Bd2 Rd8 11. O-O Nc6 12. Qc2 e6 13. Rad1 Qa3 14. Bg5 Rd6 15. Bb5 cxd4 16. Bxc6 Rxc6 17. Nxd4 h6 18. Nxc6 hxg5 19. Rd8+ Kh7 20. Nd4 Qe7 21. Rxc8 Rxc8 22. Qb3 b6 23. Ne2 Rd8 24. Rd1 Be5 25. g3 Rxd1+ 26. Qxd1 Qd6 27. Qxd6 Bxd6 28. Nd4 a6 29. Kf1 Kg7 30. Ke2 Bc5 31. Nc6 b5 32. f3 f5 33. Kd3 g4 34. hxg4 fxg4 35. fxg4 Kf6 36. e5+ Kf7 37. Ke4 Bb6 38. Nb8 a5 39. Nc6 a4 40. Nd4 Ke7 41. Nxb5 Bf2 42. c4 Kd7 43. Nd4 Be1 44. c5 Bxg3 45. c6+ Kc7 46. Nxe6+ Kxc6 47. Nf8 Kc5 48. Nxg6 Kb4 49. e6 Bd6 50. e7 Bxe7 51. Nxe7 Ka3 52. Kd3 Kxa2 53. Kc2 a3 54. Nc6 Ka1 55. Na5 Ka2 56. g5 Ka1 57. g6 Ka2 58. g7 Ka1 59. g8=R 1-0

[Event "64.Camp. Veneto Quarti di Finale"]
[Site "Arquà Petrarca ITA"]
[Date "2004.04.16"]
[Round "6.15"]
[White "Xia, Jie"]
[Black "Ballarin, Gabriele"]
[Result "1-0"]
[WhiteElo "1985"]
[BlackElo "1754"]
[Annotator "Gabriele Ballarin"]
[PlyCount "93"]
[EventDate "2004.05.08"]
[EventType "swiss"]
[EventRounds "6"]
[EventCountry "ITA"]

1. e4 e6 2. d4 d5 3. e5 c5 4. c3 Nc6 5. Nf3 Qb6 6. Bd3 cxd4 7. cxd4 Bd7 8. O-O Nxd4 9. Nxd4 Qxd4 10. Nc3 a6 11. Qe2 Ne7 12. Kh1 Ng6 13. f4 Bc5 14. a3 Rc8 15. Bd2 f6 16. Rf3 Nxe5 17. fxe5 Qxe5 18. Qf1 Qd6 19. Re1 e5 20. Rg3 O-O 21. Nxd5 Bxa3 22. Bh6 Rf7 23. Bxg7 Rxg7 24. Nxf6+ Kh8 25. Rxg7 Kxg7 26. Nxd7 Bxb2 27. Qf5 Qg6 28. Qf3 Qc6 29. Qg4+ Kh8 30. Qf5 Qh6 31. Nxe5 Rc1 32. Nf3 Rxe1+ 33. Nxe1 b5 34. Qc8+ Kg7 35. Qd7+ Kf8 36. Qf5+ Ke7 37. Qe4+ Qe6 38. Qxh7+ Kd6 39. Nf3 Qa2 40. Qg6+ Qe6 41. Qg3+ Ke7 42. h4 Qd6 43. Qg5+ Bf6 44. Qe3+ Qe6 45. Qa7+ Kd8 46. Qb8+ Qc8 47. Qd6+ 1-0

[Event "64.Camp. Veneto Quarti di Finale"]
[Site "Arquà Petrarca ITA"]
[Date "2004.04.16"]
[Round "6.16"]
[White "Zangrando, Gianpietro"]
[Black "Cardili, Mariano"]
[Result "1/2-1/2"]
[WhiteElo "1768"]
[BlackElo "1971"]
[Annotator "Gabriele Ballarin"]
[PlyCount "85"]
[EventDate "2004.05.08"]
[EventType "swiss"]
[EventRounds "6"]
[EventCountry "ITA"]

1. Nf3 d5 2. d4 Nf6 3. Nbd2 Bf5 4. c3 e6 5. Qb3 Qc8 6. Ne5 Bd6 7. Ndf3 O-O 8. e3 Ne4 9. Be2 c6 10. O-O Nd7 11. Nxd7 Qxd7 12. Nd2 Qc7 13. f4 a6 14. c4 dxc4 15. Nxc4 b5 16. Nxd6 Qxd6 17. Rd1 c5 18. Bd2 Nxd2 19. Rxd2 c4 20. Qd1 Be4 21. Bf3 Qd5 22. Kf2 f5 23. Bxe4 fxe4 24. Kg1 Rfc8 25. Rc1 Rc6 26. a4 b4 27. Qe2 Rac8 28. Rdc2 a5 29. h3 h6 30. h4 c3 31. bxc3 Rxc3 32. Rxc3 Rxc3 33. Rxc3 bxc3 34. Qc2 Qc4 35. Kh2 Kf7 36. h5 Qd3 37. Qb3 Qxe3 38. Qb7+ Kf6 39. Qb8 Kf7 40. Qe5 c2 41. f5 c1=Q 42. Qxe6+ Kf8 43. Qd6+ 1/2-1/2